[Event "VII Famalicao Open 2019"]
[Site "Famalicao"]
[Date "2019.07.31"]
[Round "5.9"]
[White "Fernandes, Joao Pedro"]
[Black "Santos, Jose Guilherme B Lim"]
[Result "0-1"]
[WhiteElo "2080"]
[BlackElo "2155"]
[Annotator "ChessBase"]
[PlyCount "100"]
[EventDate "2019.07.28"]
[EventType "swiss"]
[EventCountry "POR"]
[SourceTitle "playchess.com"]
[Source "ChessBase"]
[SourceQuality "1"]
[TimeControl "5400+30"]

1. e4 {[%emt 0:00:00]} c5 {[%emt 0:00:40]} 2. Nf3 {[%emt 0:00:00]} d6 {[%emt 0:00:04]} 3. d4 {[%emt 0:00:00]} cxd4 {[%emt 0:00:05]} 4. Nxd4 {[%emt 0:00:01]} Nf6 {[%emt 0:00:10]} 5. Nc3 {[%emt 0:00:28]} a6 {[%emt 0:01:06]} 6. h3 {[%emt 0:00:16]} e6 {[%emt 0:00:23]} 7. g4 {[%emt 0:00:40]} Be7 {[%emt 0:00:12]} 8. g5 {[%emt 0:00:51]} Nfd7 {[%emt 0:00:48]} 9. Be3 {[%emt 0:00:40]} Nc6 {[%emt 0:02:23]} 10. h4 {[%emt 0:01:53]} Qc7 {[%emt 0:12:38]} 11. Qd2 {[%emt 0:09:44]} b5 {[%emt 0:07:30]} 12. Nxc6 {[%emt 0:08:09]} Qxc6 {[%emt 0:00:10]} 13. a3 {[%emt 0:04:16]} Bb7 {[%emt 0:09:01]} 14. O-O-O {[%emt 0:09:14]} O-O-O {[%emt 0:02:59]} 15. Bd4 {[%emt 0:05:18]} Rhg8 {[%emt 0:02:35]} 16. Rh3 {[%emt 0:04:41]} Kb8 {[%emt 0:04:38]} 17. Kb1 {[%emt 0:05:23]} Nc5 {[%emt 0:07:09]} 18. Bg2 {[%emt 0:01:29]} f5 {[%emt 0:10:07]} 19. gxf6 {[%emt 0:10:40]} Bxf6 {[%emt 0:07:29]} 20. Bxf6 {[%emt 0:06:49]} gxf6 {[%emt 0:00:07]} 21. Bh1 {[%emt 0:01:05]} Qd7 {[%emt 0:18:55]} 22. b4 {[%emt 0:03:46]} e5 {[%emt 0:01:39]} 23. Re3 {[%emt 0:09:40]} Ne6 {[%emt 0:00:40]} 24. Ne2 {[%emt 0:06:58]} Rg4 {[%emt 0:03:59]} 25. Ng3 {[%emt 0:01:31]} Nf4 {[%emt 0:01:25]} 26. Bf3 {[%emt 0:01:29]} Rxh4 {[%emt 0:02:02]} 27. Nf5 {[%emt 0:00:39]} Rh2 {[%emt 0:00:03]} 28. Qe1 {[%emt 0:02:06]} d5 {[%emt 0:01:09]} 29. Qg1 {[%emt 0:00:57]} Rh3 {[%emt 0:00:48]} 30. Qg4 {[%emt 0:00:57]} h5 {[%emt 0:00:47]} 31. Qg1 {[%emt 0:01:33]} Qe6 {[%emt 0:00:28]} 32. Bg2 {[%emt 0:01:49]} Rg8 {[%emt 0:01:01]} 33. Rxh3 {[%emt 0:00:27]} Nxh3 {[%emt 0:00:04]} 34. Qf1 {[%emt 0:01:06]} Nf4 {[%emt 0:00:12]} 35. Bh3 {[%emt 0:01:13]} Rg5 {[%emt 0:01:19]} 36. exd5 {[%emt 0:00:37]} Bxd5 {[%emt 0:00:03]} 37. Ne3 {[%emt 0:01:01]} Qxh3 {[%emt 0:01:24]} 38. Qxh3 {[%emt 0:00:23]} Nxh3 {[%emt 0:00:03]} 39. Nxd5 {[%emt 0:00:54]} Nxf2 {[%emt 0:00:06]} 40. Rf1 {[%emt 0:00:17]} Ne4 {[%emt 0:00:21]} 41. Kc1 {[%emt 0:00:09]} f5 {[%emt 0:00:09]} 42. Ne7 {[%emt 0:00:35]} Ng3 {[%emt 0:00:34]} 43. Rd1 {[%emt 0:00:24]} e4 {[%emt 0:00:28]} 44. Rd7 {[%emt 0:00:19]} f4 {[%emt 0:00:55]} 45. Nc6+ {[%emt 0:00:32]} Kc8 {[%emt 0:00:07]} 46. Re7 {[%emt 0:00:09]} Rg6 {[%emt 0:00:40]} 47. Ne5 {[%emt 0:00:24]} Rd6 {[%emt 0:00:44]} 48. Nf7 {[%emt 0:00:18]} Rd7 {[%emt 0:00:16]} 49. Re8+ {[%emt 0:00:09]} Kc7 {[%emt 0:00:03]} 50. Ng5 {[%emt 0:00:14]} Rd4 {[%emt 0:03:07]} 0-1

[Event "VII Famalicao Open 2019"]
[Site "Famalicao"]
[Date "2019.07.31"]
[Round "5.10"]
[White "Romano, Joao"]
[Black "Tadevosyan, Aspet"]
[Result "*"]
[WhiteElo "2053"]
[BlackElo "2144"]
[Annotator "NA"]
[PlyCount "24"]
[EventDate "2019.07.28"]
[EventType "swiss"]
[EventCountry "POR"]
[SourceTitle "playchess.com"]
[Source "ChessBase"]
[SourceQuality "1"]
[TimeControl "5400+30"]

1. e4 {[%emt 0:00:00]} c5 {[%emt 0:00:23]} 2. Nf3 {[%emt 0:01:13]} d6 {[%emt 0:00:17]} 3. d4 {[%emt 0:00:25]} cxd4 {[%emt 0:00:18]} 4. Nxd4 {[%emt 0:00:19]} Nf6 {[%emt 0:00:10]} 5. Nc3 {[%emt 0:00:32]} a6 {[%emt 0:00:11]} 6. Be2 {[%emt 0:00:25]} e5 {[%emt 0:00:18]} 7. Nf3 {[%emt 0:04:35]} Be7 {[%emt 0:01:33]} 8. O-O {[%emt 0:01:48]} O-O {[%emt 0:00:20]} 9. h3 {[%emt 0:02:09]} b5 {[%emt 0:02:35]} 10. a3 {[%emt 0:02:37]} Bb7 {[%emt 0:00:36]} 11. Bd3 {[%emt 0:04:04]} Nbd7 {[%emt 0:01:29]} 12. Re1 {[%emt 0:07:33]} Rc8 {[%emt 0:11:31]} *

[Event "VII Famalicao Open 2019"]
[Site "Famalicao"]
[Date "2019.07.31"]
[Round "5.10"]
[White "Soares, Sara"]
[Black "Tadevosyan, Aspet"]
[Result "0-1"]
[WhiteElo "1583"]
[BlackElo "2144"]
[Annotator "ChessBase"]
[PlyCount "96"]
[EventDate "2019.07.28"]
[EventType "swiss"]
[EventCountry "POR"]
[SourceTitle "playchess.com"]
[Source "ChessBase"]
[SourceQuality "1"]
[TimeControl "5400+30"]

1. e4 {[%emt 0:00:00]} c5 {[%emt 0:00:23]} 2. Nf3 {[%emt 0:01:13]} d6 {[%emt 0:00:17]} 3. d4 {[%emt 0:00:25]} cxd4 {[%emt 0:00:18]} 4. Nxd4 {[%emt 0:00:19]} Nf6 {[%emt 0:00:10]} 5. Nc3 {[%emt 0:00:32]} a6 {[%emt 0:00:11]} 6. Be2 {[%emt 0:00:25]} e5 {[%emt 0:00:18]} 7. Nf3 {[%emt 0:04:35]} Be7 {[%emt 0:01:33]} 8. O-O {[%emt 0:01:48]} O-O {[%emt 0:00:20]} 9. h3 {[%emt 0:02:09]} b5 {[%emt 0:02:35]} 10. a3 {[%emt 0:02:37]} Bb7 {[%emt 0:00:36]} 11. Bd3 {[%emt 0:04:04]} Nbd7 {[%emt 0:01:29]} 12. Re1 {[%emt 0:07:33]} Rc8 {[%emt 0:11:31]} 13. Be3 {[%emt 0:13:05]} h6 {[%emt 0:10:04]} 14. Nh4 {[%emt 0:17:54]} d5 {[%emt 0:21:48]} 15. exd5 {[%emt 0:04:58]} Nxd5 {[%emt 0:07:00]} 16. Nxd5 {[%emt 0:04:37]} Bxh4 {[%emt 0:00:16]} 17. Be4 {[%emt 0:12:18]} Kh8 {[%emt 0:00:56]} 18. Qh5 {[%emt 0:05:54]} Bxd5 {[%emt 0:19:16]} 19. Bxd5 {[%emt 0:09:21]} Nf6 {[%emt 0:04:44]} 20. Qxh4 {[%emt 0:02:39]} Nxd5 {[%emt 0:00:02]} 21. Qe4 {[%emt 0:02:32]} Nxe3 {[%emt 0:00:27]} 22. Qxe3 {[%emt 0:00:44]} f6 {[%emt 0:00:12]} 23. c3 {[%emt 0:00:33]} Qd5 {[%emt 0:01:49]} 24. Rad1 Qb3 25. Rd2 {[%emt 0:00:46]} Rcd8 {[%emt 0:00:47]} 26. Red1 {[%emt 0:00:00]} Qxd1+ {[%emt 0:00:32]} 27. Rxd1 {[%emt 0:00:03]} Rxd1+ {[%emt 0:00:00]} 28. Kh2 {[%emt 0:00:50]} Rfd8 {[%emt 0:00:19]} 29. Qb6 {[%emt 0:00:20]} R1d6 {[%emt 0:00:32]} 30. Qc5 {[%emt 0:00:11]} Rd2 {[%emt 0:00:29]} 31. Qb6 {[%emt 0:00:44]} R8d6 {[%emt 0:00:35]} 32. Qb7 {[%emt 0:00:11]} Kh7 {[%emt 0:00:54]} 33. Qe4+ {[%emt 0:00:05]} Kh8 {[%emt 0:05:19]} 34. Qb7 {[%emt 0:01:03]} Rd8 {[%emt 0:00:19]} 35. Qb6 {[%emt 0:00:34]} Kh7 {[%emt 0:00:29]} 36. Qc7 {[%emt 0:01:25]} R8d6 {[%emt 0:01:55]} 37. Qc5 R6d3 38. Qc6 {[%emt 0:01:03]} Re2 {[%emt 0:01:00]} 39. Qe6 {[%emt 0:01:02]} Rxf2 40. Qc6 Rdd2 {[%emt 0:00:33]} 41. b4 {[%emt 0:00:52]} f5 {[%emt 0:00:49]} 42. Qe6 {[%emt 0:00:58]} Rxg2+ {[%emt 0:00:09]} 43. Kh1 {[%emt 0:00:01]} Rgf2 {[%emt 0:01:05]} 44. Kg1 {[%emt 0:00:11]} e4 {[%emt 0:00:42]} 45. Qe5 Rf3 {[%emt 0:00:43]} 46. Qc5 {[%emt 0:01:48]} e3 {[%emt 0:01:02]} 47. Qc6 {[%emt 0:00:17]} e2 {[%emt 0:00:14]} 48. Qe6 {[%emt 0:00:33]} Rf1+ {[%emt 0:00:10]} 0-1

[Event "VII Famalicao Open 2019"]
[Site "Famalicao"]
[Date "2019.07.31"]
[Round "5.11"]
[White "Rodrigues, Afonso"]
[Black "Monteiro, Jose Macedo"]
[Result "1-0"]
[WhiteElo "2134"]
[BlackElo "1851"]
[Annotator "NA"]
[PlyCount "55"]
[EventDate "2019.07.28"]
[EventType "swiss"]
[EventCountry "POR"]
[SourceTitle "playchess.com"]
[Source "ChessBase"]
[SourceQuality "1"]
[TimeControl "5400+30"]

1. d4 {[%emt 0:01:09]} Nf6 {[%emt 0:01:14]} 2. Bf4 {[%emt 0:00:09]} c5 {[%emt 0:01:01]} 3. c3 {[%emt 0:01:00]} cxd4 {[%emt 0:03:44]} 4. cxd4 {[%emt 0:00:11]} Qa5+ {[%emt 0:00:06]} 5. Nc3 {[%emt 0:09:46]} Nc6 {[%emt 0:02:50]} 6. Nf3 {[%emt 0:01:35]} d6 {[%emt 0:01:03]} 7. a3 {[%emt 0:20:47]} Bg4 {[%emt 0:10:29]} 8. b4 {[%emt 0:04:56]} Qf5 {[%emt 0:00:48]} 9. Bg3 {[%emt 0:20:07]} e5 {[%emt 0:14:20]} 10. d5 {[%emt 0:02:41]} Bxf3 {[%emt 0:00:23]} 11. exf3 {[%emt 0:00:03]} Nd4 {[%emt 0:00:16]} 12. Bd3 {[%emt 0:00:10]} Qd7 {[%emt 0:01:50]} 13. O-O {[%emt 0:01:02]} Rc8 {[%emt 0:08:34]} 14. Ne2 {[%emt 0:06:26]} Nxe2+ {[%emt 0:13:35]} 15. Qxe2 {[%emt 0:00:04]} Be7 {[%emt 0:00:13]} 16. Bb5 {[%emt 0:00:09]} Rc6 {[%emt 0:00:30]} 17. dxc6 {[%emt 0:01:01]} bxc6 {[%emt 0:00:01]} 18. Ba4 {[%emt 0:00:29]} O-O {[%emt 0:00:12]} 19. Rac1 {[%emt 0:00:20]} Rc8 {[%emt 0:00:04]} 20. Rc2 {[%emt 0:00:52]} Nh5 {[%emt 0:01:21]} 21. Rfc1 {[%emt 0:00:19]} Bg5 {[%emt 0:00:13]} 22. Rd1 {[%emt 0:00:42]} Qe6 {[%emt 0:11:29]} 23. Rxc6 {[%emt 0:00:56]} Rd8 {[%emt 0:01:17]} 24. Qc4 {[%emt 0:00:34]} Qe7 {[%emt 0:06:11]} 25. Rc7 {[%emt 0:02:18]} Qf6 {[%emt 0:00:06]} 26. Bb3 {[%emt 0:00:33]} Rf8 {[%emt 0:00:31]} 27. Qd5 {[%emt 0:01:54]} Bf4 {[%emt 0:03:17]} 28. Qxd6 {[%emt 0:00:11]} 1-0

[Event "VII Famalicao Open 2019"]
[Site "Famalicao"]
[Date "2019.07.31"]
[Round "5.12"]
[White "Romano, Joao"]
[Black "Rego, Pedro Filipe"]
[Result "1/2-1/2"]
[WhiteElo "2053"]
[BlackElo "2249"]
[Annotator "ChessBase"]
[PlyCount "126"]
[EventDate "2019.07.28"]
[EventType "swiss"]
[EventCountry "POR"]
[SourceTitle "playchess.com"]
[Source "ChessBase"]
[SourceQuality "1"]
[TimeControl "5400+30"]

1. d4 {[%emt 0:03:16]} Nf6 {[%emt 0:00:00]} 2. Nf3 {[%emt 0:00:29]} c5 {[%emt 0:01:35]} 3. c4 {[%emt 0:02:13]} cxd4 {[%emt 0:00:03]} 4. Nxd4 {[%emt 0:00:07]} Nc6 {[%emt 0:00:02]} 5. Nc3 {[%emt 0:04:06]} g6 {[%emt 0:00:05]} 6. g3 {[%emt 0:01:24]} d6 {[%emt 0:05:37]} 7. Bg2 {[%emt 0:00:46]} Bd7 {[%emt 0:00:07]} 8. O-O {[%emt 0:00:29]} Bg7 {[%emt 0:00:06]} 9. e3 {[%emt 0:12:57]} Qa5 {[%emt 0:02:30]} 10. Bd2 {[%emt 0:13:33]} Qb6 {[%emt 0:10:00]} 11. Nxc6 {[%emt 0:19:36]} Bxc6 {[%emt 0:01:00]} 12. b3 {[%emt 0:06:21]} h5 {[%emt 0:01:32]} 13. e4 {[%emt 0:04:37]} h4 {[%emt 0:02:38]} 14. Be3 {[%emt 0:06:44]} Qa5 {[%emt 0:13:08]} 15. Rc1 {[%emt 0:00:17]} hxg3 {[%emt 0:01:50]} 16. hxg3 {[%emt 0:00:03]} Rd8 {[%emt 0:13:42]} 17. Re1 {[%emt 0:02:38]} Ng4 {[%emt 0:01:55]} 18. Qxg4 {[%emt 0:00:51]} Bxc3 {[%emt 0:00:04]} 19. Red1 {[%emt 0:00:42]} Bb4 {[%emt 0:01:05]} 20. Qe2 {[%emt 0:03:33]} Qh5 {[%emt 0:05:18]} 21. Qxh5 {[%emt 0:00:12]} Rxh5 {[%emt 0:00:02]} 22. Bf3 {[%emt 0:02:28]} Re5 {[%emt 0:03:11]} 23. Bxa7 {[%emt 0:02:52]} Bxe4 {[%emt 0:00:12]} 24. Bxe4 {[%emt 0:00:16]} Rxe4 {[%emt 0:00:05]} 25. Be3 {[%emt 0:00:30]} Ra8 {[%emt 0:05:42]} 26. Rc2 {[%emt 0:01:11]} Ra6 {[%emt 0:01:31]} 27. Rd5 {[%emt 0:00:26]} b6 {[%emt 0:00:57]} 28. Kg2 {[%emt 0:02:40]} Kd7 {[%emt 0:02:55]} 29. Kf3 {[%emt 0:01:27]} f5 {[%emt 0:00:13]} 30. Rd4 {[%emt 0:00:40]} Re5 {[%emt 0:01:46]} 31. Rd1 {[%emt 0:01:45]} Bc5 {[%emt 0:00:40]} 32. Bd2 {[%emt 0:00:59]} Bd4 {[%emt 0:02:40]} 33. Be1 {[%emt 0:03:10]} Re4 {[%emt 0:01:01]} 34. Kg2 {[%emt 0:00:17]} Bf6 {[%emt 0:00:36]} 35. f3 {[%emt 0:00:49]} Rd4 {[%emt 0:00:47]} 36. Rxd4 {[%emt 0:00:04]} Bxd4 {[%emt 0:00:02]} 37. Bf2 {[%emt 0:01:02]} Be5 {[%emt 0:01:29]} 38. Kf1 {[%emt 0:01:01]} Kc6 {[%emt 0:00:49]} 39. Ke2 {[%emt 0:00:21]} Ra8 {[%emt 0:00:25]} 40. Rd2 {[%emt 0:00:55]} Bc3 {[%emt 0:00:53]} 41. Rc2 {[%emt 0:00:03]} Bb4 {[%emt 0:00:02]} 42. Kf1 {[%emt 0:01:46]} g5 {[%emt 0:00:32]} 43. Be3 {[%emt 0:00:59]} Rg8 {[%emt 0:00:23]} 44. Rh2 {[%emt 0:00:08]} f4 {[%emt 0:01:21]} 45. gxf4 {[%emt 0:00:40]} gxf4 {[%emt 0:00:09]} 46. Bxf4 {[%emt 0:00:31]} Rf8 {[%emt 0:00:18]} 47. Be3 {[%emt 0:00:25]} Rxf3+ {[%emt 0:00:14]} 48. Ke2 {[%emt 0:00:01]} Rg3 {[%emt 0:00:32]} 49. Kf2 {[%emt 0:00:40]} Be1+ {[%emt 0:02:32]} 50. Ke2 {[%emt 0:00:45]} Bc3 {[%emt 0:00:26]} 51. Bf2 {[%emt 0:00:49]} Rg7 {[%emt 0:00:56]} 52. Rh5 {[%emt 0:00:30]} Be5 {[%emt 0:00:19]} 53. Kf3 {[%emt 0:00:29]} b5 {[%emt 0:00:41]} 54. c5 {[%emt 0:00:37]} Rf7+ {[%emt 0:00:42]} 55. Ke2 {[%emt 0:00:01]} Rf8 {[%emt 0:01:05]} 56. cxd6 {[%emt 0:00:05]} exd6 {[%emt 0:00:08]} 57. Rh7 {[%emt 0:00:36]} b4 {[%emt 0:04:04]} 58. Be3 {[%emt 0:00:29]} Bc3 {[%emt 0:00:19]} 59. Kd3 {[%emt 0:00:54]} Rf3 {[%emt 0:00:21]} 60. Rh2 {[%emt 0:00:38]} d5 {[%emt 0:00:30]} 61. Ke2 {[%emt 0:00:16]} Rf6 {[%emt 0:00:28]} 62. Rh6 {[%emt 0:00:13]} Rxh6 {[%emt 0:01:24]} 63. Bxh6 {[%emt 0:00:02]} d4 1/2-1/2

[Event "VII Famalicao Open 2019"]
[Site "Famalicao"]
[Date "2019.07.31"]
[Round "5.13"]
[White "Branco, Ricardo Joao"]
[Black "Novais, Carlos"]
[Result "1/2-1/2"]
[WhiteElo "1864"]
[BlackElo "2077"]
[Annotator "NA"]
[PlyCount "62"]
[EventDate "2019.07.28"]
[EventType "swiss"]
[EventCountry "POR"]
[SourceTitle "playchess.com"]
[Source "ChessBase"]
[SourceQuality "1"]
[TimeControl "5400+30"]

1. e4 {[%emt 0:00:00]} e6 {[%emt 0:00:00]} 2. d4 {[%emt 0:00:00]} d5 {[%emt 0:00:00]} 3. Bd3 {[%emt 0:00:00]} c5 {[%emt 0:00:00]} 4. c3 {[%emt 0:02:21]} Nc6 {[%emt 0:02:01]} 5. exd5 {[%emt 0:01:02]} exd5 {[%emt 0:00:16]} 6. Nf3 {[%emt 0:00:19]} Bg4 {[%emt 0:02:51]} 7. O-O {[%emt 0:06:09]} c4 {[%emt 0:02:17]} 8. Re1+ {[%emt 0:00:36]} Be7 {[%emt 0:00:08]} 9. Bc2 {[%emt 0:00:05]} Nf6 {[%emt 0:00:22]} 10. h3 {[%emt 0:00:12]} Bh5 {[%emt 0:00:21]} 11. a4 {[%emt 0:00:19]} O-O {[%emt 0:01:24]} 12. b3 {[%emt 0:01:24]} cxb3 {[%emt 0:01:06]} 13. Bxb3 {[%emt 0:00:32]} Na5 {[%emt 0:00:14]} 14. Bc2 {[%emt 0:04:48]} Nc4 {[%emt 0:05:25]} 15. Nbd2 {[%emt 0:02:36]} Nd6 {[%emt 0:04:07]} 16. Ba3 {[%emt 0:00:17]} Rc8 {[%emt 0:00:22]} 17. Qc1 {[%emt 0:01:36]} Re8 {[%emt 0:03:22]} 18. Qb2 {[%emt 0:01:37]} Rc7 {[%emt 0:02:31]} 19. Bd3 {[%emt 0:00:23]} Bg6 {[%emt 0:04:29]} 20. Bxg6 {[%emt 0:00:36]} hxg6 {[%emt 0:00:07]} 21. Ne5 {[%emt 0:00:21]} Bf8 {[%emt 0:03:53]} 22. Rac1 {[%emt 0:01:35]} Qc8 {[%emt 0:01:11]} 23. Qb3 {[%emt 0:19:54]} Nde4 {[%emt 0:11:03]} 24. Nxe4 {[%emt 0:00:34]} Nxe4 {[%emt 0:00:09]} 25. Bxf8 {[%emt 0:00:13]} Rxf8 {[%emt 0:00:19]} 26. Qxd5 Nxc3 {[%emt 0:01:37]} 27. Rxc3 {[%emt 0:10:54]} Rxc3 {[%emt 0:00:14]} 28. Nxg6 {[%emt 0:00:03]} Rc7 {[%emt 0:03:00]} 29. Ne7+ {[%emt 0:00:09]} Rxe7 {[%emt 0:00:26]} 30. Rxe7 {[%emt 0:00:02]} Qc1+ {[%emt 0:00:09]} 31. Kh2 {[%emt 0:00:06]} Qf4+ {[%emt 0:00:01]} 1/2-1/2

[Event "VII Famalicao Open 2019"]
[Site "Famalicao"]
[Date "2019.07.31"]
[Round "5.14"]
[White "Garijo Perez, Hugo"]
[Black "Silva, Mariana Sofia T."]
[Result "1-0"]
[WhiteElo "1648"]
[BlackElo "1872"]
[Annotator "NA"]
[PlyCount "102"]
[EventDate "2019.07.28"]
[EventType "swiss"]
[EventCountry "POR"]
[SourceTitle "playchess.com"]
[Source "ChessBase"]
[SourceQuality "1"]
[TimeControl "5400+30"]

1. e4 {[%emt 0:00:00]} c5 {[%emt 0:03:10]} 2. Nf3 {[%emt 0:00:00]} g6 {[%emt 0:00:23]} 3. d4 {[%emt 0:00:33]} cxd4 {[%emt 0:00:05]} 4. Nxd4 {[%emt 0:00:02]} Nc6 {[%emt 0:00:11]} 5. Nc3 {[%emt 0:02:51]} Bg7 {[%emt 0:00:07]} 6. Be3 {[%emt 0:00:05]} Nf6 {[%emt 0:00:09]} 7. Bc4 {[%emt 0:05:40]} O-O {[%emt 0:00:08]} 8. Bb3 {[%emt 0:06:29]} Re8 {[%emt 0:00:11]} 9. f3 {[%emt 0:03:18]} e6 {[%emt 0:00:48]} 10. O-O {[%emt 0:06:04]} d5 {[%emt 0:03:12]} 11. exd5 {[%emt 0:01:19]} exd5 {[%emt 0:01:28]} 12. Bf2 {[%emt 0:00:09]} Ne5 {[%emt 0:13:39]} 13. Re1 {[%emt 0:09:01]} Nc4 {[%emt 0:13:17]} 14. Rxe8+ {[%emt 0:18:42]} Nxe8 {[%emt 0:04:40]} 15. Qe2 {[%emt 0:03:42]} Nb6 {[%emt 0:03:31]} 16. Rd1 {[%emt 0:00:59]} Nc7 {[%emt 0:01:25]} 17. Bg3 {[%emt 0:04:11]} Ne6 {[%emt 0:05:39]} 18. Nxe6 {[%emt 0:01:18]} Bxe6 {[%emt 0:05:21]} 19. Be5 {[%emt 0:02:01]} Rc8 {[%emt 0:07:22]} 20. Bxg7 {[%emt 0:05:08]} Kxg7 {[%emt 0:01:31]} 21. Qe5+ {[%emt 0:00:28]} Qf6 {[%emt 0:01:27]} 22. Qd4 {[%emt 0:00:19]} Qxd4+ {[%emt 0:04:10]} 23. Rxd4 {[%emt 0:00:09]} Kf6 {[%emt 0:00:53]} 24. Nd1 {[%emt 0:03:11]} Ke5 {[%emt 0:05:44]} 25. c3 {[%emt 0:00:07]} g5 {[%emt 0:05:23]} 26. Nf2 {[%emt 0:02:21]} Bf5 {[%emt 0:02:29]} 27. Nd1 {[%emt 0:03:12]} h5 {[%emt 0:03:29]} 28. Ne3 {[%emt 0:01:11]} Be6 {[%emt 0:00:08]} 29. g3 {[%emt 0:00:28]} Rg8 {[%emt 0:02:05]} 30. Kf2 {[%emt 0:00:57]} f6 {[%emt 0:02:49]} 31. h4 {[%emt 0:06:23]} Rc8 {[%emt 0:03:07]} 32. Ng2 {[%emt 0:02:07]} Bf7 {[%emt 0:02:03]} 33. f4+ {[%emt 0:00:44]} gxf4 {[%emt 0:00:31]} 34. Nxf4 {[%emt 0:00:11]} Nc4 {[%emt 0:04:07]} 35. Bxc4 {[%emt 0:01:28]} dxc4 {[%emt 0:00:47]} 36. Rd7 {[%emt 0:01:26]} Be8 {[%emt 0:01:31]} 37. Rxb7 {[%emt 0:00:22]} Bc6 {[%emt 0:00:46]} 38. Rxa7 {[%emt 0:03:55]} Rb8 {[%emt 0:00:25]} 39. Re7+ {[%emt 0:00:05]} Kf5 {[%emt 0:00:30]} 40. Re2 {[%emt 0:00:06]} Kg4 {[%emt 0:00:32]} 41. Ng2 {[%emt 0:03:33]} Bxg2 {[%emt 0:00:45]} 42. Kxg2 {[%emt 0:00:09]} Rd8 {[%emt 0:00:07]} 43. Re4+ {[%emt 0:02:09]} Kf5 {[%emt 0:00:07]} 44. Rd4 {[%emt 0:00:16]} Rb8 {[%emt 0:00:53]} 45. Rd2 {[%emt 0:00:46]} Ke4 {[%emt 0:00:38]} 46. Kf2 {[%emt 0:00:32]} Rb5 {[%emt 0:00:31]} 47. Ke2 {[%emt 0:01:02]} Rb8 {[%emt 0:00:23]} 48. a3 {[%emt 0:01:26]} Rb7 {[%emt 0:00:23]} 49. Rd4+ {[%emt 0:01:05]} Ke5 {[%emt 0:00:09]} 50. Rxc4 {[%emt 0:00:21]} Rxb2+ {[%emt 0:00:04]} 51. Kf3 {[%emt 0:00:18]} f5 {[%emt 0:01:01]} 1-0

[Event "VII Famalicao Open 2019"]
[Site "Famalicao"]
[Date "2019.07.31"]
[Round "6.1"]
[White "Grigoryan, Karen H."]
[Black "Spraggett, Kevin"]
[Result "1-0"]
[WhiteElo "2549"]
[BlackElo "2511"]
[Annotator "TA"]
[PlyCount "79"]
[EventDate "2019.07.28"]
[EventType "swiss"]
[EventCountry "POR"]
[SourceTitle "playchess.com"]
[Source "ChessBase"]
[SourceQuality "1"]

{[%evp 10,79,-11,-21,26,25,32,36,32,29,25,17,23,12,31,18,16,4,25,7,18,16,60,14,58,54,56,50,60,65,56,47,27,47,105,77,113,115,120,90,110,95,347,347,330,327,417,420,387,348,717,728,721,716,695,441,428,434,420,359,331,325,426,429,702,694,616,392,29967,29962,2609,2225]} 1. d4 Nf6 2. c4 e6 3. Nc3 Bb4 4. f3 c5 5. d5 O-O 6. e4 Re8 {E20: Nimzo-Indian: 4 g3 and 4 f3} (6... b5 $5) (6... d6 7. Bg5 exd5 8. cxd5 Nbd7 9. Bd3 Ne5 10. Nge2 c4 11. Bc2 Bc5 12. Qd2 h6 13. Be3 Qb6 14. Bxc5 Qxc5 {½-½ (68) Mamedyarov,S (2817)-Aronian,L (2765) Kolkata 2018}) 7. Nge2 exd5 8. cxd5 d6 {White is slightly better.} 9. Ng3 Nbd7 10. Be2 a6 $146 ({Predecessor:} 10... Ne5 11. O-O a6 {1-0 (37) Korobov,A (2680)-Gundavaa,B (2501) Dubai 2014}) 11. a4 Ne5 12. O-O Bd7 13. Be3 Rc8 14. Kh1 Ng6 15. Qc2 Ba5 16. Bd2 c4 17. Nd1 Bxd2 18. Qxd2 b5 19. axb5 axb5 20. Ra6 Qe7 21. Ne3 Nh4 ({Black should play} 21... Ra8 $14 22. Rfa1 Rxa6 23. Rxa6 Qe5) 22. Qd4 Rc5 23. Rfa1 Rec8 24. Bd1 Ne8 25. Ra7 Nc7 $2 {[%mdl 8192] [#]} (25... R5c7 $16 {might work better.}) 26. e5 $1 $18 {[%cal Re5d6]} dxe5 27. Qd2 f5 28. b4 {Hoping for d6.} ({Not} 28. d6 Qe6 $18) 28... cxb3 {Black wants to play ...f4.} 29. d6 {[%mdl 64] Double Attack} Qe6 $2 (29... Qf8 30. Bxb3+ Kh8 31. dxc7 R5xc7 32. Rxc7 Rxc7) 30. dxc7 R5xc7 31. Rxc7 Rxc7 32. Qb4 b2 33. Qxb2 Kh8 34. Bb3 Qe8 35. Nd5 Rb7 36. f4 exf4 {[#]} (36... h6 $142 37. fxe5 Bc6) 37. Nh5 $1 {[%csl Gh5][%cal Rb2g7][%mdl 512]} Bc6 {Now ...f3 and Black clings on.} (37... Qxh5 38. Nf6) 38. Nhxf4 Ng6 $2 (38... Ra7 $18 39. Rd1 Ng6) 39. Nxg6+ hxg6 {[#]} 40. Qc3 $1 {Accuracy: White = 79%, Black = 21%.} 1-0

[Event "VII Famalicao Open 2019"]
[Site "Famalicao"]
[Date "2019.07.31"]
[Round "6.2"]
[White "Petkov, Vladimir"]
[Black "Damaso, Rui"]
[Result "1/2-1/2"]
[WhiteElo "2497"]
[BlackElo "2425"]
[Annotator "TA"]
[PlyCount "56"]
[EventDate "2019.07.28"]
[EventType "swiss"]
[EventCountry "POR"]
[SourceTitle "playchess.com"]
[Source "ChessBase"]
[SourceQuality "1"]

{[%evp 9,56,33,67,58,70,27,70,77,70,77,85,61,58,52,75,45,30,0,0,0,8,4,9,-36,-25,-15,-18,-36,-61,-154,0,0,0,0,0,0,0,0,0,0,0,-8,-6,-48,-58,-49,-27,-47,-17]} 1. d4 d6 2. Nf3 Nf6 3. c4 c5 4. dxc5 (4. d5 Bf5 5. Nc3 h6 6. Nd2 g5 7. e4 Bg6 8. Be2 Nbd7 9. h4 Bg7 10. hxg5 hxg5 11. Rxh8+ Bxh8 12. Nf3 {0-1 (57) Sibashvili,G (2412)-Pantsulaia,L (2591) Tbilisi 2017}) 4... Qa5+ 5. Nc3 Ne4 6. cxd6 $146 {Hoping for Qd5. A53: Old Indian Defence without Nf3} ({Predecessor:} 6. Qc2 Nxc3 7. Bd2 Qxc5 8. Bxc3 Qxc4 9. e4 Qc7 10. Rc1 Bg4 11. Nd4 Nc6 12. Nxc6 Qxc6 {0-1 (28) Hansch,S (2085)-Fricke,M (1813) GER email 2012}) 6... Nxc3 7. Qd2 {[%mdl 64] [#] Pin} (7. bxc3 {is more complex.} exd6 8. e3 Be7 9. Nd4 Na6 10. Be2) 7... Nc6 {aiming for ...Ne4.} 8. Qxc3 {White is slightly better.} Qxc3+ 9. bxc3 exd6 10. Rb1 Be7 11. Nd4 O-O 12. Nxc6 bxc6 13. Bf4 Bf5 14. Rb3 Rfb8 15. Kd2 a5 {[%cal Ba7a5,Ba5a4][%mdl 32]} 16. e4 Bxe4 17. f3 Bb1 18. Bd3 Bxa2 19. Ra3 (19. Rxb8+ $15 Rxb8 20. Re1) 19... Bb3 $2 (19... Rb2+ $17 20. Kc1 Rxg2) 20. Rb1 a4 {[#]} 21. c5 $1 {[%mdl 512]} Rd8 (21... dxc5 22. Bxb8) 22. cxd6 Bxd6 23. Bxd6 Rxd6 24. Rbxb3 {Strongly threatening Rxa4!} Rad8 25. Rxa4 {Rd4! is the strong threat.} Rxd3+ 26. Ke2 Rd2+ 27. Kf1 g5 28. Re4 R8d3 {Accuracy: White = 33%, Black = 51%.} 1/2-1/2